header

Chemistry basics (Record no. 219551)

MARC details
000 -LEADER
fixed length control field 01378nam a22003254a 4500
082 04 - DEWEY DECIMAL CLASSIFICATION NUMBER
Classification number 540.71
100 1# - MAIN ENTRY--AUTHOR NAME
Personal name Robertson, William C.
245 10 - TITLE STATEMENT
Title Chemistry basics
260 ## - PUBLICATION, DISTRIBUTION, ETC. (IMPRINT)
Place of publication Arlington, Va. :
Name of publisher National Science Teachers Association,
Year of publication c2007.
300 ## - PHYSICAL DESCRIPTION
Number of Pages xiv, 112 p. :
Other physical details ill.
490 1# - SERIES STATEMENT
Series statement Stop faking it
500 ## - GENERAL NOTE
General note Includes index.
505 0# - FORMATTED CONTENTS NOTE
Formatted contents note Simple models -- Better models -- Periodicity -- Let's get together. yeah, yeah, yeah -- Balancing act -- Organic, dude.
650 #0 - SUBJECT ADDED ENTRY--TOPICAL TERM
Topical Term Chemistry
856 40 - ELECTRONIC LOCATION AND ACCESS
Uniform Resource Identifier http://site.ebrary.com/lib/rucke/Doc?id=10192263

No items available.

© 2026 Rongo University
Contact us: librarian | system librarian | Rongo university